Tribhuvan University Central Library

A comparative analysis on stock price behaviour of Nepalese commercial bank (Record no. 62833)

MARC details
000 -LEADER
fixed length control field 00438 a2200145 4500
041 ## - LANGUAGE CODE
Language code of text/sound track or separate title English
082 ## - DEWEY DECIMAL CLASSIFICATION NUMBER
Classification number CD4771
100 ## - MAIN ENTRY--PERSONAL NAME
Personal name Bhattarai, Sweta
245 ## - TITLE STATEMENT
Title A comparative analysis on stock price behaviour of Nepalese commercial bank
260 ## - PUBLICATION, DISTRIBUTION, ETC. (IMPRINT)
Place of publication, distribution, etc Kathmandu
Date of publication, distribution, etc 2010
502 ## - DISSERTATION NOTE
Dissertation note Dissertation
Degree type Degree in Management
Name of granting institution St. Xavier's College
650 ## - SUBJECT ADDED ENTRY--TOPICAL TERM
Topical term or geographic name as entry element Stock price
-- Commercial banks
-- Banking
653 ## - INDEX TERM--UNCONTROLLED
Uncontrolled term Management
942 ## - ADDED ENTRY ELEMENTS (KOHA)
Source of classification or shelving scheme Dewey Decimal Classification
Koha item type Audio Visual Materials
Holdings
Withdrawn status Lost status Source of classification or shelving scheme Damaged status Not for loan Home library Current library Date acquired Total Checkouts Full call number Barcode Date last seen Price effective from Koha item type
    Dewey Decimal Classification     Tribhuvan University Central Library Tribhuvan University Central Library 09/11/2014   CD4771 A4455 09/11/2014 09/11/2014 Audio Visual Materials